Hráči Baníka Drnava vo veľkom štýle Krh. Dl. Lúka ťahá víťaznú šnúru

Bibliographic Details
Format: Article
Language:Slovak
PhysicalDescription:Fotogr.
Subjects:
Online Access:http://roznava.korzar.sme.sk/c/6340519/hraci-banika-drnava-vo-velkom-style.html

MARC

LEADER 00000nab a2200000 a 4500
001 vtls010353931
003 SK-MaSNL
005 20260305041105.0
008 120424c20120417xo wr| 0 0slo
038 |a RVGKPD 
040 |a RVGKPD  |b slo  |c RVGKPD  |e AACR2 
041 |a slo 
044 |a xo  |c SK 
080 |a 796.332  |2 1997 
245 0 0 |a Hráči Baníka Drnava vo veľkom štýle  |b Krh. Dl. Lúka ťahá víťaznú šnúru  |c [autor] (pp) 
300 |b Fotogr. 
650 0 7 |a futbal  |2 rvgkpd  |9 3291 
651 7 |a Rožňava (Slovensko : okres)  |2 rvgkpd  |9 19215 
773 0 |t Rožňavský korzár  |g Roč. I, č. 14 (17.4.2012), s. 8 
852 |a RVGKPD  |b KIS3G 
856 4 1 |u http://roznava.korzar.sme.sk/c/6340519/hraci-banika-drnava-vo-velkom-style.html 
992 |a RBX 
999 |c 3342004  |d 3343934